[Event "2nd WTeam w"]
[Site "Ningbo CHN"]
[Date "2009.09.09"]
[Round "7"]
[White "Kovalevskaya,E"]
[Black "Majdan,J"]
[Result "0-1"]
[WhiteElo "2436"]
[BlackElo "2361"]

1.Nf3 Nf6 2.c4 g6 3.g3 Bg7 4.Bg2 d6 5.d4 O-O 6.O-O Bg4 7.Nc3 Qc8 8.Re1 c5
9.d5 Na6 10.Bf4 Nc7 11.Qd2 Re8 12.Bh6 Bh8 13.Ng5 Bd7 14.Qf4 b5 15.b3 b4 16.Nce4 Bf5
17.Nxf6+ exf6 18.Nf3 Qd8 19.e4 Bc8 20.Rad1 a5 21.g4 a4 22.Qg3 Re7 23.Nd2 Ne8
24.f4 axb3 25.axb3 Ra2 26.f5 Rea7 27.h4 Qe7 28.Bf4 Bg7 29.Bh3 g5 30.Be3 h6
31.Rf1 R7a3 32.Bg2 Ba6 33.Rc1 Nc7 34.hxg5 fxg5 35.e5 Bxe5 36.Qh3 f6 37.Qxh6 Rxd2
38.Bxd2 Rxb3 39.Bxg5 Rg3 40.Qg6+ Qg7 41.Bh6 Qxg6 42.fxg6 Rxg4 43.Kf2 Rxg6
44.Be3 f5 45.Bf3 f4 46.Bd2 Ne8 47.Ke2 Ng7 48.Be4 Rg4 49.Bd3 Kf7 50.Rg1 Bc8
51.Kf3 Rh4 52.Rh1 Bg4+ 53.Kg2 Rh5 54.Rxh5 Nxh5 55.Be4 Nf6 56.Bc2 Be2 57.Bf5 b3
58.Kf2 Bh5 59.Rb1 b2 60.Bxf4 Bxf4 61.Rxb2 Ne8 62.Bd3 Kf6 63.Be2 Bg6 64.Rb7 Ng7
65.Kf3 Be5 66.Ke3 Nf5+ 67.Kd2 Nd4 68.Bd3 Bh5 69.Rb8 Nf3+ 70.Ke3 Bd4+ 71.Kf4 Ne5
72.Bf1 Bg6 73.Rb3 Bf5 74.Rb8 Bd3 75.Bh3 Bxc4 76.Be6 Bd3 77.Rf8+ Ke7 78.Rc8 c4
79.Bf5 c3 80.Rc7+ Kf6 81.Bxd3 Nxd3+ 82.Ke4 Nc5+ 83.Kxd4 c2 84.Rc8 c1=Q 85.Rf8+ Kg5
86.Rg8+ Kh5 87.Rh8+ Qh6  0-1

[Event "ch-RUS HL"]
[Site "Ulan Ude RUS"]
[Date "2009.09.12"]
[Round "10"]
[White "Yaksin,O"]
[Black "Zabotin,A"]
[Result "1/2-1/2"]
[WhiteElo "2385"]
[BlackElo "2512"]

1.d4 Nf6 2.Nf3 g6 3.g3 Bg7 4.Bg2 O-O 5.c4 d6 6.O-O c6 7.Nc3 Qa5 8.h3 Be6
9.Qd3 Qa6 10.b3 d5 11.Ne5 Rd8 12.Bb2 dxc4 13.Nxc4 Nbd7 14.Ne5 Qa5 15.Nxd7 Nxd7
16.e3 c5 17.Qb5 Qxb5 18.Nxb5 Nf8 19.Rac1 Rac8 20.Ba3 cxd4 21.Nxd4 Rxc1 22.Rxc1 Bxd4
23.exd4 Rd7 24.d5 Bxd5 25.Bxd5 Rxd5 26.Bxe7 Rd7 27.Bf6 Rd6 28.Be5 Rc6 29.Rxc6 bxc6
30.Kf1 Nd7 31.Bf4 Kf8 32.Ke2 Ke7 33.Kd3 Nc5+ 34.Kc4 Nb7 35.Be3 a6 36.Bc5+ Ke6
37.Kd4 Kf5 38.Be7 h5 39.Ke3 Ke5 40.Ba3 Nd8 41.Bb2+ Kd5 42.Bf6 Ne6 43.f3 Nc5
44.g4 hxg4 45.hxg4 Nd7 46.Bc3 Nc5 47.Bd4 Nd7 48.Kd3 Nf8 49.Bg7 Nd7 50.Bd4 Nf8
51.Bg7  1/2-1/2

[Event "18th TCh-CRO"]
[Site "Sibenik CRO"]
[Date "2009.09.22"]
[Round "2"]
[White "Hulak,K"]
[Black "Plenkovic,Z"]
[Result "0-1"]
[WhiteElo "2520"]
[BlackElo "2370"]

1.d4 Nf6 2.c4 g6 3.Nf3 Bg7 4.g3 O-O 5.Bg2 d6 6.O-O Nc6 7.Nc3 Bf5 8.b3 Ne4
9.Nd5 Bd7 10.Bb2 f5 11.e3 e6 12.Nf4 Qe7 13.a3 a5 14.Qc2 Rae8 15.d5 Nd8 16.dxe6 Nxe6
17.Nd5 Qf7 18.Nd2 Nxd2 19.Qxd2 Bxb2 20.Qxb2 Bc6 21.Qc3 Nc5 22.Rab1 a4 23.b4 Ne4
24.Qd4 b5 25.Rbd1 Bxd5 26.cxd5 Re5 27.Rd3 Rb8 28.Qa7 Rd8 29.Qb7 Qe8 30.Rc1 Re7
31.Bxe4 fxe4 32.Rdc3 Rb8 33.Qa7 c5 34.Qa6 c4 35.Qxd6 Rd8 36.Qc5 Re5 37.Rd1 Qd7
38.Rcc1 Rxd5 39.Rxd5 Qxd5 40.Qe7 Rd7 41.Qf6 Rf7 42.Qb2 Qd3 43.Kg2 Qd5 44.Rc2 Rd7
45.h4 Qf5 46.Rd2 Rd3 47.Rxd3 Qf3+ 48.Kg1 exd3 49.Qd4 Qc6 50.h5 gxh5 51.Qd8+ Kf7
52.Qg5 c3 53.Qxh5+ Kf8 54.Qf5+ Ke8  0-1

[Event "TCh-ISL 2009-10"]
[Site "Rekjavik ISL"]
[Date "2009.09.26"]
[Round "3"]
[White "Sigurdsson,Sa"]
[Black "Thorsteinsson,B"]
[Result "1-0"]
[WhiteElo "2118"]
[BlackElo "2229"]

1.d4 Nf6 2.c4 g6 3.Nf3 Bg7 4.g3 d6 5.Bg2 O-O 6.Nc3 Nc6 7.O-O Bg4 8.Bg5 h6
9.Be3 Nd7 10.Qd2 Kh7 11.h3 Bxf3 12.exf3 e5 13.dxe5 Ndxe5 14.b3 Ne7 15.Rad1 Nf5
16.f4 Nc6 17.Nd5 Re8 18.Rfe1 h5 19.Qd3 a5 20.Be4 Nh6 21.Bd2 Qd7 22.Kg2 f5
23.Bf3 a4 24.b4 Nd4 25.Bc3 Nxf3 26.Qxf3 Ng8 27.Qd3 Qf7 28.Qc2 Bxc3 29.Qxc3 b5
30.Rxe8 Rxe8 31.cxb5 Re2 32.Qxc7 Qxc7 33.Nxc7 Rxa2 34.b6 Rb2 35.b5 a3 36.b7 a2
37.Ra1 Nf6 38.b8=Q Ne4 39.Ne6 Rxf2+ 40.Kg1  1-0

[Event "18th TCh-CRO b"]
[Site "Sibenik CRO"]
[Date "2009.09.26"]
[Round "6"]
[White "Jakovljevic,Vlado"]
[Black "Rezan,S"]
[Result "1-0"]
[WhiteElo "2416"]
[BlackElo "2431"]

1.Nf3 Nf6 2.c4 g6 3.d4 Bg7 4.g3 O-O 5.Bg2 d6 6.Nc3 c5 7.O-O Nc6 8.dxc5 dxc5
9.Be3 Qa5 10.Qb3 Ng4 11.Bf4 Qb4 12.h3 Nf6 13.Na4 Be6 14.Rac1 Rad8 15.Qxb4 cxb4
16.b3 Ne4 17.Ng5 Nxg5 18.Bxg5 Nd4 19.Rfe1 f6 20.Bf4 Bc8 21.Bc7 Rde8 22.e3 Nc6
23.Kh2 Ne5 24.Red1 b6 25.f4 Nf7 26.Bc6 e5 27.Bxe8 Rxe8 28.fxe5 fxe5 29.Bd6 Bh6
30.Bxb4 Bxe3 31.Bd2 Bxd2 32.Rxd2 Ng5 33.Re2 Nf3+ 34.Kg2 Bb7 35.Kf1 Rf8 36.Rf2 e4
37.Rc3 Rd8 38.Nb2 Bc8 39.h4 Bg4 40.Ke2 Ng1+ 41.Ke3 Nf3 42.Rc1 Bf5 43.Rd1 Re8
44.Rd5 h5 45.Nd1 Ne5 46.Rfd2 Kg7 47.Nf2 Nf3 48.Rd1 Ne5 49.Rd8 Re7 50.R1d2 Nf3
51.Re2 Ng1 52.Rc2 Nf3 53.b4 Ne1 54.Re2 Nd3 55.a3 a5 56.Kd4 Ne5 57.Rd6 axb4
58.axb4 Nf3+ 59.Ke3 Ne5 60.Rc2 Rc7 61.c5 b5 62.Nxe4 Re7 63.Rd4 Nc6 64.Rcd2 Ra7
65.Nd6 Ra3+ 66.Kf2 Nxd4 67.Rxd4 Bd7 68.Nc4 Ra2+ 69.Rd2 Ra7 70.Ne5 Bf5 71.Ke3 Ra1
72.c6 Re1+ 73.Kd4 Re4+ 74.Kd5 Rxb4 75.Rf2 Be4+ 76.Ke6 Bxc6 77.Nxc6 Rb3 78.Rf7+ Kh6
79.Ne7 Re3+ 80.Kd7 Rd3+ 81.Ke6 Re3+ 82.Kd5 g5 83.Nf5+ Kg6 84.Nxe3 Kxf7 85.Nc2 gxh4
86.gxh4 Kf6 87.Ke4 Ke6 88.Nd4+  1-0

[Event "Highlands Open"]
[Site "Zdar nad Sazavou CZE"]
[Date "2009.09.26"]
[Round "1"]
[White "Simon,Pete GER"]
[Black "Horyna,J"]
[Result "1-0"]
[WhiteElo "2159"]
[BlackElo "1859"]

1.d4 Nf6 2.c4 g6 3.Nf3 Bg7 4.g3 O-O 5.Bg2 d6 6.O-O Nbd7 7.Nc3 Rb8 8.h3 a6
9.d5 e5 10.dxe6 fxe6 11.e4 e5 12.Be3 Qe7 13.b4 b6 14.Rc1 h6 15.Qc2 Qf7 16.Nd5 Ne8
17.Nd2 Ndf6 18.Nxf6+ Qxf6 19.c5 bxc5 20.bxc5 dxc5 21.Rb1 Rxb1 22.Rxb1 Nd6
23.a4 Bd7 24.Bxc5 Rc8 25.Bf1 Ne8 26.Be3 Rd8 27.a5 Kh7 28.Nb3 Qc6 29.Qxc6 Bxc6
30.Nc5 Rd6 31.f3 Rf6 32.Kg2 Nd6 33.Bxa6 Bf8 34.Bd3  1-0

[Event "IMA"]
[Site "Zdar nad Sazavou CZE"]
[Date "2009.10.03"]
[Round "9"]
[White "Rosko,L"]
[Black "Jelinek,V"]
[Result "1-0"]
[WhiteElo "2298"]
[BlackElo "2049"]

1.d4 g6 2.Nf3 Bg7 3.c4 d6 4.g3 Nf6 5.Bg2 O-O 6.Nc3 Na6 7.O-O c5 8.e4 Rb8
9.h3 Nd7 10.Bg5 cxd4 11.Nxd4 Nac5 12.Be3 a6 13.Qd2 Ne5 14.b3 Ne6 15.Nde2 Re8
16.f4 Nc6 17.Rad1 Qa5 18.f5 Ned8 19.Bh6 Bh8 20.g4 Ne5 21.Qg5 Bf6 22.Qc1 Ndc6
23.Nd5 Bh8 24.a3 b5 25.Bd2 Qd8 26.c5 Nd3 27.Qc2 Nxc5 28.b4 Nd4 29.Nxd4 Bxd4+
30.Kh1 Nd7 31.Bh6 Bg7 32.Bxg7 Kxg7 33.Qc3+ Ne5 34.Nxe7 Rxe7 35.f6+ Kg8 36.fxe7 Qxe7
37.Qd4 Nc4 38.e5 dxe5 39.Qd8+ Qf8 40.Qxf8+ Kxf8 41.Rd8+ Ke7 42.Rh8 Ne3 43.Rf3 Nxg2
44.Kxg2 h5 45.Kg3 hxg4 46.hxg4 f5 47.Rd3 f4+ 48.Kf2 e4 49.Rdd8 e3+ 50.Ke1 Bxg4
51.Rxb8 Kf6 52.Rb6+ Kg5 53.Re8 Bf5 54.Rxa6 Kg4 55.Re5 g5 56.Rd6 Bc2 57.Rdd5 Bb3
58.Rxg5+ Kf3 59.Rxb5 Ke4 60.Rbe5+ Kd4 61.Ref5 Ke4 62.Rf8 f3 63.Rg4+ Kd3 64.Rxf3  1-0

[Event "17th TCh-Eur"]
[Site "Novi Sad SRB"]
[Date "2009.10.23"]
[Round "2"]
[White "Drozdovskij,Y"]
[Black "Erdogdu,M"]
[Result "1-0"]
[WhiteElo "2627"]
[BlackElo "2467"]

1.d4 Nf6 2.c4 g6 3.g3 Bg7 4.Bg2 d6 5.Nf3 O-O 6.Nc3 Nc6 7.O-O a6 8.b3 Rb8
9.Nd5 e6 10.Nxf6+ Qxf6 11.Bb2 Qd8 12.e4 e5 13.d5 Ne7 14.Nd2 f5 15.exf5 gxf5
16.f4 Ng6 17.fxe5 Bxe5 18.Bxe5 dxe5 19.Qh5 Qe7 20.Nf3 Kg7 21.Rae1 h6 22.Kh1 Bd7
23.Bh3 Rf6 24.Nd2 Rbf8 25.Qd1 c5 26.Qa1 Kh7 27.Qc3 b6 28.Re2 e4 29.Nf3 f4
30.Bxd7 Qxd7 31.Rxe4 Qh3 32.Rg1 fxg3 33.Rxg3 Qxg3 34.hxg3 Rxf3 35.Qc2 Rxg3
36.Re7+ Kg8 37.Re3 Rg5 38.Kh2 Rf4 39.Rg3 Kg7 40.Rxg5 hxg5 41.Qe2 Kh6 42.Qe6 Kh5
43.d6 Rd4 44.d7 Rd2+ 45.Kg3 Nh4 46.Qd5  1-0

[Event "Chigorin Mem Open"]
[Site "St Petersburg RUS"]
[Date "2009.10.23"]
[Round "8"]
[White "Shinkevich,V"]
[Black "Shomoev,A"]
[Result "1/2-1/2"]
[WhiteElo "2496"]
[BlackElo "2566"]

1.d4 Nf6 2.c4 g6 3.Nf3 Bg7 4.g3 O-O 5.Bg2 d6 6.O-O Nbd7 7.Nc3 e5 8.e4 c6
9.b3 a6 10.h3 b5 11.dxe5 dxe5 12.Qc2 Bb7 13.Be3 Qe7 14.Nd2 Rac8 15.a3 Rfe8
16.Rab1 Nc5 17.b4 Ne6 18.Nb3 Rcd8 19.Ne2 h5 20.Bb6 Rd7 21.f4 Bh6 22.Kh1 exf4
23.gxf4 c5 24.cxb5 cxb4 25.Na5 axb5 26.Nxb7 Rxb7 27.Ba5 bxa3 28.e5 Nh7 29.Bb4 Rc7
30.Qd3 Qh4 31.Be1 Qd8 32.Qxa3 Rc2 33.Qe3 Qd7 34.Nc3 Qd4 35.Qxd4 Nxd4 36.Be4  1/2-1/2

[Event "Chigorin Mem Open"]
[Site "St Petersburg RUS"]
[Date "2009.10.24"]
[Round "9"]
[White "Ponfilenok,V"]
[Black "Kurukin,D"]
[Result "1/2-1/2"]
[WhiteElo "2440"]
[BlackElo "2222"]

1.d4 Nf6 2.Nf3 g6 3.g3 Bg7 4.Bg2 O-O 5.c4 d6 6.O-O Nc6 7.Nc3 a6 8.d5 Na5
9.Nd2 c5 10.Qc2 Rb8 11.Rb1 b5 12.b3 Bf5 13.e4 Bd7 14.Bb2 e5 15.Nd1 bxc4 16.bxc4 Bh6
17.Bc1 Rb4 18.Rxb4 cxb4 19.Nb3 Bxc1 20.Qxc1 Qb6 21.Ne3 Rc8 22.h3 Nb7 23.Qb2 Nc5
24.Nxc5 Qxc5 25.Qc2 Re8 26.Kh2 a5 27.Rb1 Rb8 28.Qd3 h5 29.Bf3 Qc8 30.h4 Qc5
31.Be2 Kg7 32.f3 Rf8 33.Kg2 Ne8 34.Qd2 Nc7 35.g4 Rh8 36.Kg3 Na6 37.Rf1 hxg4
38.fxg4 Qb6 39.Bd3 Qd8 40.g5 Nc5 41.Bb1 Bc8 42.Qf2 Qe7 43.Qf6+ Qxf6 44.Rxf6 Rd8
45.h5 gxh5 46.Rh6 h4+ 47.Kh2 f6 48.Rxf6 Rf8 49.Rxd6 Rf2+ 50.Kg1 Rb2 51.Bc2 Bd7
52.Bd1 h3 53.Bh5 Rxa2 54.Rg6+ Kh7 55.Rh6+ Kg8 56.Rg6+ Kh7 57.Rh6+ Kg8 58.Rg6+  1/2-1/2

[Event "8th TCh-Eur w"]
[Site "Novi Sad SRB"]
[Date "2009.10.25"]
[Round "4"]
[White "Medic,Mir"]
[Black "Igla,B"]
[Result "0-1"]
[WhiteElo "2322"]
[BlackElo "2258"]

1.d4 Nf6 2.c4 g6 3.Nf3 Bg7 4.g3 O-O 5.Bg2 d6 6.O-O c6 7.Nc3 Bf5 8.b3 Ne4
9.Nxe4 Bxe4 10.Bb2 Nd7 11.Qd2 d5 12.Rac1 Re8 13.Rfd1 e6 14.Ne1 Bxg2 15.Kxg2 Qe7
16.Nd3 Rad8 17.Rc2 dxc4 18.bxc4 c5 19.dxc5 Bxb2 20.Rxb2 Nxc5 21.Qe3 b6 22.Rbd2 Nxd3
23.Rxd3 Rxd3 24.Rxd3 Rc8 25.Qe4 Qc7 26.Rd4 Qc6 27.Qxc6 Rxc6 28.f4 Rc5 29.Kf2 Ra5
30.Rd2 Ra4 31.Rc2 Ra3 32.Ke1 Kf8 33.Kd1 Ke7 34.Rd2 Ra4 35.Rc2 Kd6 36.Rd2+ Kc7
37.Rc2 Kc6 38.Ke1 Kc5 39.Kf2 Rxc4 40.Rd2 Rd4 41.Rc2+ Kd6 42.Kf3 h5 43.g4 hxg4+
44.Kxg4 e5 45.e3 Ra4 46.Kg5 exf4 47.exf4 Ra5+ 48.Kg4 Rc5 49.Re2 b5 50.h4 b4
51.Re8 a5 52.Ra8 Kc6 53.Rf8 Rf5 54.Rb8 Kc7 55.Rf8 Kb6 56.Rb8+ Ka7 57.Rf8 a4
58.h5 b3 59.axb3 axb3 60.h6 b2 61.h7 Rh5 62.Rxf7+ Kb8 63.Rf8+ Kc7 64.Rf7+ Kc6
65.Rf6+ Kc5 66.Rxg6 Rxh7 67.Rg5+ Kc4  0-1

[Event "WJun"]
[Site "Puerto Madryn ARG"]
[Date "2009.10.26"]
[Round "6"]
[White "Goncalves,M"]
[Black "Dimuro,M"]
[Result "0-1"]
[WhiteElo "1865"]
[BlackElo "2214"]

1.d4 Nf6 2.Nf3 g6 3.g3 Bg7 4.Bg2 O-O 5.c4 d6 6.O-O Nbd7 7.Nc3 e5 8.e4 exd4
9.Nxd4 Re8 10.Re1 Nc5 11.b4 Ne6 12.Be3 a5 13.bxa5 Ng4 14.Nxe6 Nxe3 15.Rxe3 Bxe6
16.Qa4 c6 17.Rb1 Re7 18.Qb4 Qxa5 19.Qxd6 Rd7 20.Qxd7 Bxd7 21.Rxb7 Bc8 22.Rb3 Be6
23.Nd5 Qa7 24.Ne7+ Kh8  0-1

[Event "Open"]
[Site "Liberec CZE"]
[Date "2009.10.28"]
[Round "5"]
[White "Klecker,T"]
[Black "Kozak,Mi"]
[Result "1-0"]
[WhiteElo "2147"]
[BlackElo "2243"]

1.d4 Nf6 2.Nf3 g6 3.c4 Bg7 4.g3 O-O 5.Bg2 d6 6.O-O Nc6 7.Nc3 a6 8.h3 Rb8
9.e4 b5 10.cxb5 axb5 11.e5 dxe5 12.dxe5 Qxd1 13.Rxd1 Nd7 14.Bf4 Ndxe5 15.Nxe5 Nxe5
16.Nd5 Bb7 17.Nxe7+ Kh8 18.Nd5 c5 19.Rac1 c4 20.b3 Ra8 21.Bxe5 Bxe5 22.Nb6 Bxg2
23.Kxg2 Ra6 24.Nd7 Re8 25.Re1 Rae6 26.bxc4 bxc4 27.Rxe5 Rxe5 28.Nxe5 Rxe5
29.Rxc4 Re2 30.Ra4 h5 31.Kf3 Rb2 32.g4 hxg4+ 33.hxg4 Kg7 34.Kg3 Rc2 35.f3 Rb2
36.Kf4 Rf2 37.g5 Rg2 38.Ra5 Re2 39.a3 Rb2 40.Re5 Ra2 41.Re3 Kf8 42.Ke5 Ke7
43.Kd5+ Kd7 44.Kc5 Rg2 45.f4 Rc2+ 46.Kb5 Rb2+ 47.Ka5 Kc6 48.Rc3+ Kd6 49.Rc4 Rb8
50.a4 Kd5 51.Rc7 Ke6 52.Rc6+ Ke7 53.Rb6 Rd8 54.Rf6 Rb8 55.Ka6 Ra8+ 56.Kb5 Rb8+
57.Rb6 Rd8 58.a5 Rd5+ 59.Ka6 Rd4 60.Rf6 Rb4 61.Ka7 Ra4 62.a6 Rb4 63.Rb6 Rxf4
64.Kb7  1-0

[Event "Open"]
[Site "Liberec CZE"]
[Date "2009.10.29"]
[Round "7"]
[White "Klecker,T"]
[Black "Kriebel,T"]
[Result "1/2-1/2"]
[WhiteElo "2147"]
[BlackElo "2173"]

1.d4 Nf6 2.Nf3 g6 3.c4 Bg7 4.g3 O-O 5.Bg2 d6 6.O-O Nc6 7.Nc3 a6 8.h3 Bd7
9.e4 Qc8 10.Kh2 e5 11.Be3 exd4 12.Nxd4 Ne5 13.b3 c5 14.Nde2 Rd8 15.Qc2 b5
16.Nd5 Nxd5 17.cxd5 f5 18.Nf4 Rb8 19.Rad1 fxe4 20.Bxe4 Re8 21.Ne6 Bxe6 22.dxe6 Rxe6
23.Bd5 Kh8 24.Bxe6 Qxe6 25.Qe4 Rf8 26.Qd5 Qf5 27.f4 Nf7 28.Qxf5 gxf5 29.Rd5 Re8
30.Rf3 Kg8 31.Kg2 a5 32.Bd2 Bd4 33.Rxd4 cxd4 34.Bxa5 Ra8 35.b4 Rc8 36.Rd3 Rc2+
37.Kf3 Rxa2 38.Rxd4 Ra3+ 39.Kf2 Kf8 40.Rd5 Ra2+ 41.Ke3 Ke7 42.Rxb5 Ra3+ 43.Kd4 Rxg3
44.Rb7+ Ke6 45.b5 Rf3 46.Bc7 Rxf4+ 47.Kc3 Ne5 48.Ra7 Kd5 49.b6 Rf3+ 50.Kd2 Kc6
51.Bd8 h5 52.Rh7 Nd7 53.Rxd7 Kxd7 54.b7 Rf2+ 55.Kc1 Rf1+ 56.Kc2  1/2-1/2

[Event "8th TCh-Eur w"]
[Site "Novi Sad SRB"]
[Date "2009.10.29"]
[Round "8"]
[White "Medic,Mir"]
[Black "Gara,A"]
[Result "1/2-1/2"]
[WhiteElo "2322"]
[BlackElo "2365"]

1.d4 Nf6 2.c4 g6 3.Nf3 Bg7 4.g3 O-O 5.Bg2 d6 6.Nc3 Nbd7 7.O-O e5 8.h3 Re8
9.e4 exd4 10.Nxd4 a6 11.Be3 Rb8 12.a4 Nc5 13.Qc2 a5 14.Rad1 Qe7 15.Rfe1 c6
16.Bf4 Nfd7 17.Nb3 Ne5 18.Nxa5 Ra8 19.b4 Na6 20.Qb1 Bxh3 21.Bxh3 Nf3+ 22.Kf1 Nxe1
23.Bxd6 Qg5 24.Rxe1 Bxc3 25.Re3 Bxb4 26.Bxb4 Nxb4 27.Nxb7 Rxa4 28.Kg2 Qe7
29.Qd1 Rea8 30.Nd6 Ra1 31.Qd2 c5 32.Rf3 Rd8 33.e5 Qxe5 34.Nxf7 Rxd2 35.Nxe5 Ra6
36.Nd7 Nd3 37.Rxd3 Rxd3 38.Nxc5 Rda3 39.Nxa6 Rxa6 40.f4 Kg7 41.Kf3 Ra3+ 42.Kf2 Kf6
43.Bd7 Rd3 44.Bb5 Kf5 45.Ba6 Rc3 46.Bc8+ Ke4 47.Bb7+ Kd4 48.Bd5 Ra3 49.Bg8 h6
50.Bd5 Rb3 51.Bf7 Rb6 52.Bd5 Rf6 53.Kf3 Rf8 54.Be6 Rf6 55.Bd5 Ra6 56.Bf7 Rd6
57.Bg8 Rd7 58.Be6 Ra7 59.Kg4 Re7 60.Bd5 Rg7 61.Kf3 h5 62.Kg2 Ke3 63.Kh3 Ra7
64.Kh4 Kf2 65.g4 hxg4 66.Kxg4 Ke3 67.Kg5  1/2-1/2

[Event "TCh-NED 2009-10"]
[Site "Netherlands NED"]
[Date "2009.10.31"]
[Round "2"]
[White "Kabatianski,A"]
[Black "Leenhouts,K"]
[Result "1-0"]
[WhiteElo "2420"]
[BlackElo "2409"]

1.d4 Nf6 2.c4 g6 3.Nf3 Bg7 4.g3 O-O 5.Bg2 d6 6.O-O Nc6 7.Nc3 Rb8 8.h3 a6
9.Be3 Bd7 10.Rc1 Re8 11.b3 e5 12.dxe5 dxe5 13.Nd5 Ne4 14.Qc2 Nd6 15.Rfd1 Nf5
16.Bg5 f6 17.Bxf6 Bxf6 18.Nxf6+ Qxf6 19.Rxd7 e4 20.Nh2 Ncd4 21.Qd2 Rbd8 22.Ng4 Qf8
23.Rxd8 Rxd8 24.Qe1 h5 25.Ne3 Qa3 26.Rd1 Qxa2 27.Nxf5 gxf5 28.e3 Nc6 29.Rxd8+ Nxd8
30.Qd1 Nf7 31.Qxh5 Qa5 32.Qg6+ Kf8 33.Kh2 Ke7 34.h4 Ne5 35.Qg7+ Ke6 36.Qg8+ Ke7
37.Qh7+ Kd6 38.Bh3 Qe1 39.Kg2 Nf3 40.Bxf5 Qg1+ 41.Kh3 Qh2+ 42.Kg4 Ne5+ 43.Kh5 Qxf2
44.Qh6+ Kc5 45.Qf4 Qf3+ 46.Kh6 Nf7+ 47.Kg7 Nd6 48.Bg6  1-0

[Event "TCh-NED 2009-10"]
[Site "Netherlands NED"]
[Date "2009.10.31"]
[Round "2"]
[White "Trella,T"]
[Black "Abeln,M"]
[Result "1/2-1/2"]
[WhiteElo "2391"]
[BlackElo "2334"]

1.c4 d6 2.g3 g6 3.Bg2 Bg7 4.d4 Nf6 5.Nf3 O-O 6.O-O Nbd7 7.Qc2 e5 8.e4 Re8
9.Rd1 a6 10.Nc3 exd4 11.Nxd4 Nc5 12.f3 Bd7 13.Be3 Qc8 14.Rac1 h5 15.b4 Ne6
16.Nb3 h4 17.Nd5 hxg3 18.hxg3 Nh5 19.Kf2 Qd8 20.f4 Nf6 21.Bf3 Nf8 22.Nxf6+ Bxf6
23.c5 Qe7 24.Na5 Bf5 25.Bd4 Bxd4+ 26.Rxd4 d5 27.Re1 dxe4 28.Bxe4 Qf6 29.Rd2 Rxe4
30.Rxe4 b6 31.Nb3 Qc6 32.Rde2 Rd8 33.Kf3 Ne6 34.g4 Nd4+ 35.Nxd4 Rxd4 36.Kg3  1/2-1/2

[Event "WJun Girls"]
[Site "Puerto Madryn ARG"]
[Date "2009.11.01"]
[Round "11"]
[White "Cori T.,D"]
[Black "Zhang Xiaowen"]
[Result "1-0"]
[WhiteElo "2361"]
[BlackElo "2391"]

1.d4 Nf6 2.c4 g6 3.Nf3 Bg7 4.g3 O-O 5.Bg2 d6 6.O-O Nc6 7.Nc3 Bf5 8.d5 Na5
9.Nd4 Bd7 10.b3 c5 11.dxc6 bxc6 12.Nc2 Rb8 13.Rb1 Qc8 14.Be3 a6 15.Qd2 c5
16.Bg5 Qd8 17.Bxf6 Bxf6 18.Nd5 Bg7 19.Nxe7+ Qxe7 20.Qxa5 Qxe2 21.Ne3 f5 22.Rfe1 Qh5
23.Nd5 f4 24.Nxf4 Rxf4 25.gxf4 Bh3 26.Qc7 Rf8 27.Qc6 Bxg2 28.Qxg2 Rxf4 29.Qd5+ Qxd5
30.cxd5 Bd4 31.Re8+ Kf7 32.Re6 Be5 33.Rd1 Rg4+ 34.Kf1 Bxh2 35.Rd3 Be5 36.Rf3+ Rf4
37.Rxf4+ Bxf4 38.Kg2 h5 39.Kf3 g5 40.Rh6 h4 41.Kg4 Kg7 42.Re6 a5 43.Re7+ Kf6
44.Re8 Kf7 45.Ra8 Kf6 46.Re8 Kf7 47.Re6 Kg7 48.Re4 Kf6 49.f3 Be5 50.Re2 Kg6
51.Re1 Kf6 52.Re4 Kg6 53.Ra4 Bf4 54.Rxa5 Kf6 55.Ra4 Ke5 56.Rxf4 gxf4 57.Kxh4 Kxd5
58.a4 c4 59.bxc4+ Kxc4 60.Kg4 d5 61.a5 d4 62.a6 d3 63.a7 d2 64.a8=Q d1=Q
65.Qc6+ Kb3 66.Qb5+ Kc3 67.Qc5+ Kb2 68.Kxf4 Qd2+ 69.Kg3 Qd3 70.Qb4+ Ka1 71.Qa4+ Kb2
72.Qb4+ Ka1 73.Qe1+ Ka2 74.Qe6+ Ka1 75.Qe1+ Ka2 76.Qe6+ Ka1 77.Kg4 Qd1 78.Kf4 Qd2+
79.Kg3 Qg5+ 80.Kh3 Qh5+ 81.Kg2 Qg5+ 82.Qg4 Qd2+ 83.Kh3  1-0

[Event "Russia Cup w"]
[Site "St Petersburg RUS"]
[Date "2009.11.03"]
[Round "1.1"]
[White "Shumiakina,T"]
[Black "Schepetkova,M"]
[Result "1-0"]
[WhiteElo "2322"]
[BlackElo "2199"]

1.d4 Nf6 2.Nf3 g6 3.c4 Bg7 4.g3 d6 5.Bg2 O-O 6.O-O Nc6 7.Nc3 a6 8.Re1 Rb8
9.Rb1 Na5 10.Qa4 c5 11.dxc5 Bd7 12.Qc2 Nxc4 13.b3 Ne5 14.Nxe5 dxe5 15.Bg5 Be6
16.Red1 Qc7 17.b4 Rfd8 18.Rxd8+ Rxd8 19.Rd1 Rd4 20.a3 Bf5 21.e4 Bg4 22.f3 Be6
23.Be3 Rxd1+ 24.Qxd1 Kf8 25.Bf1 Nd7 26.Qd2 f6 27.Nd5 Qc6 28.Bc4 Bf7 29.Qa2 e6
30.Nc3 Ke7 31.a4 Bf8 32.b5 Qc8 33.c6 bxc6 34.bxa6 Kd8 35.Qb3 Kc7 36.a5 Qb8
37.Qxb8+ Kxb8 38.a7+ Kb7 39.Ba6+ Ka8 40.Na4 Be8 41.Bc8  1-0

[Event "Russia Cup w"]
[Site "St Petersburg RUS"]
[Date "2009.11.03"]
[Round "1.1"]
[White "Kostiuk,T"]
[Black "Akatova,E"]
[Result "0-1"]
[WhiteElo "2302"]
[BlackElo "2277"]

1.d4 Nf6 2.Nf3 g6 3.g3 Bg7 4.Bg2 O-O 5.c4 d6 6.Nc3 Nbd7 7.d5 Nb6 8.Nd2 e6
9.O-O Re8 10.dxe6 Rxe6 11.b3 d5 12.Bb2 dxc4 13.Nxc4 Qxd1 14.Rfxd1 Nxc4 15.bxc4 Bd7
16.Rd2 Bc6 17.Nd5 Bxd5 18.cxd5 Rd8 19.Rad1 Ra6 20.Bd4 Ne8 21.Bc5 Bf8 22.Be3 Ra5
23.Rb1 b6 24.Rc2 Bd6 25.Bd4 Ra4 26.Rd1 Rd7 27.e4 Re7 28.f4 f6 29.Kf1 g5 30.Be3 gxf4
31.gxf4 Ng7 32.Re1 Ra3 33.Bc1 Ra4 34.Bf3 Kf7 35.Rce2 Bb4 36.Rd1 Bd6 37.Be3 Ra3
38.Kg2 Nf5 39.Bf2 Ng7 40.Bg3 Bc5 41.Rde1 Bb4 42.Rb1 Bc5 43.Rb3 Ra4 44.Rd3 Rc4
45.Rd1 Rc3 46.Bh4 Re8 47.Be1 Rc4 48.Bg3 Re7 49.Rf1 Kg6 50.Bh4 Re8 51.Be1 f5
52.exf5+ Kxf5 53.Rxe8 Nxe8 54.Kh3 Nf6 55.Bg3 Bd6 56.Bd1 Nxd5 57.Bb3 Rd4 58.Bc2+ Kf6
59.Bxh7 Kg7 60.Bb1 Bxf4 61.Bf2 Rb4 62.Rg1+ Kf6 63.Bh4+ Ke5 64.Re1+ Kd6 65.Rd1 Kc6
66.a3 Rb3+ 67.Bg3 Bxg3 68.hxg3 Nc3 69.Rc1 Rxa3 70.Bh7 Kd6 71.Kh4 Ke5 72.g4 Kf6
73.g5+ Kg7 74.Bf5 Nd5 75.Be6 Ra4+ 76.Kg3 Ra3+ 77.Kh4 Nc3 78.Rf1 Ne4 79.Rf7+ Kg6
80.Rxc7  0-1

[Event "13th OIBM"]
[Site "Bad Wiessee GER"]
[Date "2009.11.04"]
[Round "6"]
[White "Reitz,R"]
[Black "Weber,U"]
[Result "0-1"]
[WhiteElo "2159"]
[BlackElo "2407"]

1.d4 Nf6 2.Nf3 g6 3.g3 Bg7 4.Bg2 O-O 5.c4 d6 6.O-O Nbd7 7.Qc2 e5 8.Nc3 exd4
9.Nxd4 Nb6 10.Qd3 Nfd7 11.b3 Qf6 12.Be3 Ne5 13.Qd2 Ng4 14.Ne4 Qe5 15.Rad1 Nxe3
16.Qxe3 Bd7 17.Qd3 Rad8 18.e3 Rfe8 19.Nd2 c5 20.Ne2 Bf5 21.e4 Bg4 22.Rfe1 Bxe2
23.Qxe2 Nd7 24.Qd3 Qb2 25.Qb1 Qa3 26.f4 Bd4+ 27.Kh1 Nb8 28.e5 dxe5 29.Bxb7 exf4
30.Rxe8+ Rxe8 31.Ne4 fxg3 32.Rxd4 cxd4 33.Nf6+ Kf8 34.Nxe8 Kxe8 35.Qe1+ Qe7
36.Qxe7+ Kxe7 37.hxg3 Nd7 38.Kg2 Nc5 39.Bd5 a5 40.Kf3 f5 41.Ke2 Kd6 42.Bg8 Ke5
43.Bxh7 g5 44.g4 fxg4 45.Bc2 Kf4 46.Kf1 d3 47.Bd1 Ne4 48.b4 axb4 49.Ke1 g3  0-1

[Event "3rd Asian Indoor Team Rapid Prelim"]
[Site "Ha Long City VIE"]
[Date "2009.11.05"]
[Round "2"]
[White "Nakhbayeva,G"]
[Black "Harika,D"]
[Result "0-1"]
[WhiteElo "2201"]
[BlackElo "2467"]

1.d4 Nf6 2.c4 g6 3.Nf3 Bg7 4.g3 O-O 5.Bg2 d6 6.O-O Nc6 7.Nc3 a6 8.b3 Rb8
9.Bb2 b5 10.cxb5 axb5 11.d5 Na5 12.Rc1 b4 13.Na4 Bd7 14.Nd4 e5 15.Nc6 Nxc6
16.dxc6 Be6 17.e4 Qc8 18.Qd3 Ne8 19.f4 exf4 20.gxf4 Bxb2 21.Nxb2 Ng7 22.Kh1 f5
23.e5 dxe5 24.fxe5 Qd8 25.Qe3 Qe7 26.Nd3 Rfd8 27.Nf4 Ra8 28.Rc2 Ra5 29.Rd2 Rxd2
30.Qxd2 Rxe5 31.Nd3 Rb5 32.Rf4 Qd6 33.Qe3 Bd5 34.Rc4 Bxg2+ 35.Kxg2 Rd5 36.Nf2 Rd2
37.Qa7 Ne6 38.Qb8+ Kf7 39.Qxb4 Qd5+ 40.Kg1 Rxa2 41.Qc3 Ng5 42.Rf4 Ne6 43.Rh4 h5
44.Kf1 Qc5 45.Qxc5 Nxc5 46.b4 Ne6 47.Rc4 Ke7 48.Kg2 Kd6 49.Kf3 Ra3+ 50.Kg2 Kd5
51.Rc1 Nf4+ 52.Kf1 Ra2 53.Rc5+ Kd4 54.h4 Rxf2+  0-1

[Event "TCh-NED 2009-10"]
[Site "Netherlands NED"]
[Date "2009.11.21"]
[Round "3"]
[White "Kabatianski,A"]
[Black "Richter,Ch"]
[Result "1-0"]
[WhiteElo "2420"]
[BlackElo "2412"]

1.d4 Nf6 2.c4 g6 3.Nf3 Bg7 4.g3 O-O 5.Bg2 d6 6.Nc3 Nc6 7.O-O a6 8.h3 Rb8
9.Qc2 Nd7 10.d5 Nd4 11.Nxd4 Bxd4 12.Bh6 Re8 13.Rfd1 Bh8 14.b3 Nf6 15.e4 Bd7
16.Rac1 Qc8 17.Kh2 c6 18.dxc6 Bxc6 19.Be3 Qc7 20.Nd5 Bxd5 21.cxd5 Qd7 22.Rd4 b5
23.Rdd1 Rec8 24.Qd2 Rxc1 25.Rxc1 Rc8 26.f3 Qb7 27.Rc2 Nd7 28.Qc1 Rxc2 29.Qxc2 Nb8
30.h4 b4 31.Qc4 a5 32.Bf1 Bc3 33.Qb5 Qc7 34.Bb6 Qc8 35.Ba7 Nd7 36.Bh3 f5
37.exf5 Ne5 38.f4 Nf3+ 39.Kg2 Nd4 40.Qxa5 Nxf5 41.Qb5 Kg7 42.Qc6 Qf8 43.a4 Qf6
44.Qc4 Be1 45.Bxf5 Qxf5 46.a5 Bc3 47.a6 Qc2+ 48.Bf2 Qa2 49.a7 Be1 50.Qd4+ Kf7
51.a8=Q  1-0

[Event "World Youth U18"]
[Site "Antalya TUR"]
[Date "2009.11.22"]
[Round "11"]
[White "Balog,I1"]
[Black "Faizulaev,A"]
[Result "1-0"]
[WhiteElo "2491"]
[BlackElo "2303"]

1.d4 Nf6 2.Nf3 g6 3.c4 Bg7 4.g3 O-O 5.Bg2 d6 6.O-O Nc6 7.Nc3 a6 8.b3 Rb8
9.e3 Bd7 10.Qe2 Qc8 11.Rd1 Bh3 12.Bb2 Bxg2 13.Kxg2 e5 14.dxe5 Nxe5 15.Rac1 Re8
16.Rc2 Ned7 17.Ba3 Ne4 18.Nxe4 Rxe4 19.h4 Nf6 20.c5 dxc5 21.Bxc5 Qg4 22.Bd4 c6
23.Bxf6 Bxf6 24.Rcd2 Rbe8 25.Ng1 Qf5 26.Qf3 Qxf3+ 27.Kxf3 Kg7 28.Ne2 h5 29.Nf4 a5
30.Nd3 b6 31.Rc2 c5 32.Rc4 R4e7 33.Nf4 Be5 34.Ne2 Re6 35.a4 Rb8 36.Rd5 Bb2
37.Rc2 Be5 38.Nc1 Bf6 39.Ke2 Be7 40.Nd3 Rd6 41.Nf4 Rc6 42.Rd7 Bf8 43.Nd3 Bd6
44.Ra7 Kf6 45.Ra6 Ke7 46.Nb2 Rcc8 47.Nc4 Bc7 48.Na3 Ra8 49.Rxa8 Rxa8 50.Nb5 Kd7
51.Rc4 Re8 52.Kd3 f5 53.e4 Bb8 54.f4 Ke6 55.e5 Rh8 56.Ke2 Rg8 57.Rc3 Rc8
58.Na3 Bc7 59.Rd3 Bb8 60.Nc4 Bc7 61.Nd6 Rg8 62.Nb5 Bb8 63.Kd2 Rh8 64.Kc3 Ke7
65.Kc4 g5 66.hxg5 h4 67.gxh4 Rxh4 68.Kd5 Rxf4 69.Rh3 Kf7 70.Rh8 Bxe5 71.Kxe5 Rb4
72.Kxf5 Rxb3 73.Rh7+ Kg8 74.Ke4  1-0